00605 2200241 4500001002100000005001500021035002000036007000300056008004100059040001200100082001200112084001400124090001600138100002400154245004500178250001900223260003600242300002900278650001800307850001200325041000800337990001800345INLIS00000000079339020180712064241 a0010-0718000371ta180712 eng  aYOPDYOG04223a823 a823 ROW l aL 823 ROW l aRowland, Stanley J. aLand search of God /cStanley J. Rowland aFirst Printing aNew York :bRandom House,c1958 aix, 242 halaman ;c21 cm 4aFiksi Inggris aYOPDYOG0 aeng a59192-PD/A.18